| 000 | 00640nam a2200181Ia 4500 | ||
|---|---|---|---|
| 008 | 090630s9999 xx 000 0 und d | ||
| 082 | _b6232 | ||
| 100 | _aपरदेशी दिलीप. | ||
| 245 |
_aसत्यं शिवं सुंदरम्र. _cपरदेशी दिलीप. |
||
| 260 |
_bअजब. _c1978 |
||
| 300 | _a83 | ||
| 600 | _aपरदेशी दिलीप. | ||
| 630 | _aसत्यं शिवं सुंदरम्र. | ||
| 655 | _aनाटक. | ||
| 700 | _aपरदेशी दिलीप. | ||
| 730 | _aसत्यं शिवं सुंदरम्र. | ||
| 942 | _cBOOK | ||
| 999 |
_c258088 _d258088 |
||